000 01010nam0a2200325 4500
001 RU\NLR\BIBL_A\022503245
005 20250620155422.0
010 _a978-5-00258-050-7
_950
021 _aRU
_bКН-П-25-004657
_9КН-П-25-0447
035 _a(NLR Aleph) 022503245
090 _a13427785
_c13427785
100 _a20250326d2024 u y0rusy50 ca
101 0 _arus
102 _aRU
105 _ay|||z|||000ay
181 0 _ai4
_baxxe
182 0 _an
200 1 _aИрма, или Черно-белая радуга
_eроман
_fЕлена Пчелова
203 _aТекст
_bвизуальный
_cнепосредственный
210 _aМосква
_cПеро
_d2024
215 _a86 с.
_d21
333 _a12+
517 1 _aЧерно-белая радуга
686 2 _aШ6(2=Р)8-440.4
700 1 _aПчелова
_bЕ.
_gЕлена
942 _cBOOK
980 _aNB